000 00263nam a2200121Ia 4500
100 _aCIMI-DGET
942 _cBK
245 _aTool & Die Maker IIird Year Press Tool ASSIGNMENT/TEST
260 _bCIMI
_aChennai
300 _a92
546 _aENGLISH
999 _c33109
_d33109